Chart growing the angular distance of stars four, and the position angle relative to the out apex of the solar lotion: a (Record no. 474)

MARC details
000 -LEADER
fixed length control field 00579nam a2200181Ia 4500
003 - CONTROL NUMBER IDENTIFIER
control field IN-BaIIA
005 - DATE AND TIME OF LATEST TRANSACTION
control field 20250705163236.0
008 - FIXED-LENGTH DATA ELEMENTS--GENERAL INFORMATION
fixed length control field 211028s9999 xx 000 0 eng d
040 ## - CATALOGING SOURCE
Transcribing agency IIA Library
080 ## - UNIVERSAL DECIMAL CLASSIFICATION NUMBER
Universal Decimal Classification number 524.3(084.3)
Item number SMA
100 ## - MAIN ENTRY--PERSONAL NAME
Personal name Smart W. M.
9 (RLIN) 1092
245 #0 - TITLE STATEMENT
Title Chart growing the angular distance of stars four, and the position angle relative to the out apex of the solar lotion: a
Statement of responsibility, etc. Smart W. M
260 ## - PUBLICATION, DISTRIBUTION, ETC.
Place of publication, distribution, etc. London
Date of publication, distribution, etc. 1923
650 ## - SUBJECT ADDED ENTRY--TOPICAL TERM
Topical term or geographic name entry element chart
9 (RLIN) 1093
650 ## - SUBJECT ADDED ENTRY--TOPICAL TERM
Topical term or geographic name entry element Solar
9 (RLIN) 910
650 ## - SUBJECT ADDED ENTRY--TOPICAL TERM
Topical term or geographic name entry element Stars
942 ## - ADDED ENTRY ELEMENTS (KOHA)
Koha item type Books
Source of classification or shelving scheme Dewey Decimal Classification
Holdings
Withdrawn status Lost status Source of classification or shelving scheme Damaged status Not for loan Home library Current library Shelving location Date acquired Total Checkouts Full call number Barcode Date last seen Price effective from Koha item type Purchase Price
    Dewey Decimal Classification     IIA Library-Bangalore IIA Library-Kodaikanal General Stacks     524.3(084.3)/ SMA 491 05/11/2021   Books  

Powered by Koha